Las negociaciones de paz mi punto de vista (Registro nro. 93125)

Detalles MARC
000 -ENCABEZADO
Número de control [NR] 00729nam a22002057a 4500
008 - DE LONGITUD FIJA DE DATOS DE ELEMENTOS - INFORMACIÓN GENERAL
Elementos de longitud fija [NR] 130821s1984 ho gr spa
040 ## - FUENTE DE CATALOGACION [NR]
Agencia de catalogación original [NR] Co-BoUCM
Idioma de catalogación [NR] spa
041 00 - CODIGO DE IDIOMA [R]
Código de idioma para texto/pista de sonido o título separado [R] Español
100 1# - ASIENTO PRINCIPAL--NOMBRE PERSONAL [NR]
Nombre personal [NR] López Contreras, Carlos
245 14 - MENCION DE TITULO [NR]
Título [NR] Las negociaciones de paz mi punto de vista
Mención de responsabilidad, etc. [NR] Carlos López Contreras.
260 ## - PUBLICACION, DISTRIBUCION, ETC. (PIE DE IMPRENTA) [R]
Lugar de publicación, distribución, etc. [R] Tegucigalpa (Honduras)
Nombre del editor, distribuidor, etc. [R] Imprenta Lithopress
Fecha de publicación, distribución, etc. [R] 1984
300 ## - DESCRIPCION FISICA [R]
Extensión [R] xi, 224 páginas
650 04 - ASIENTO SECUNDARIO DE MATERIA - TERMINO TEMATICO [R]
Término temático o nombre geográfico como elemento de entrada [NR] Derecho internacional
9 (RLIN) 12776
650 04 - ASIENTO SECUNDARIO DE MATERIA - TERMINO TEMATICO [R]
Término temático o nombre geográfico como elemento de entrada [NR] Negociaciones internacionales
9 (RLIN) 20167
650 04 - ASIENTO SECUNDARIO DE MATERIA - TERMINO TEMATICO [R]
Término temático o nombre geográfico como elemento de entrada [NR] Paz
9 (RLIN) 21202
650 04 - ASIENTO SECUNDARIO DE MATERIA - TERMINO TEMATICO [R]
Término temático o nombre geográfico como elemento de entrada [NR] Seguridad internacional
9 (RLIN) 24104
650 04 - ASIENTO SECUNDARIO DE MATERIA - TERMINO TEMATICO [R]
Término temático o nombre geográfico como elemento de entrada [NR] Solución pacifica de los conflictos internacionales
9 (RLIN) 24846
942 ## - ELEMENTOS DE ENTRADA AGREGADOS (KOHA)
Tipo de ítem principal el descrito en 300a Libro
Tema principal Derecho
Edición 1
Parte restante de la signatura top. L66n
Sistema de clasificación DEWEY
Clasificación 341.52
Existencias
Total préstamos Signatura topográfica Código de barras Última vez visto Ejemplar Price effective from Tipo de ítem Perdido Sistema de clasificación Dañado No prestable Tipo de ítem específico Suprimido Ubicación habitual Ubicación actual Localización Fecha de creación Forma de adquisición Costo
  341.52 L66n 3000326 15/12/2012 Ej.1 03/02/2013 Libro   DEWEY     Libro     Bib. Cavelier Acavalier 28/02/2013   0.00